| 000 | 00532nam a2200181Ia 4500 | ||
|---|---|---|---|
| 001 | 22308 | ||
| 005 | 20260414150822.0 | ||
| 008 | 260414t2000||||xx |||||||||||||| ||spa|| | ||
| 041 | _aESP | ||
| 082 |
_a621.316 _bS52 |
||
| 100 |
_aSiemens [ed.] _eAUT |
||
| 245 | 0 |
_aManual de baja tensión : _bcriterios de selección de aparatos de maniobra e indicaciones para el proyecto de instalaciones y distribución |
|
| 260 | _c2000 | ||
| 300 |
_a792 páginas : _c25 cm. |
||
| 650 | _aTCA | ||
| 654 | _aCET | ||
| 942 |
_cLIB _dJUS _fJUS _2ddc _n |
||
| 999 |
_c22308 _d22308 |
||